Distritos de Valéncia en un Mapa - Estadísticas

Estadísticas generales
  • Esta prueba ha sido intentada 64 veces
  • La puntuación promedio es 10 de 19
Respuestas en el mapa
Las respuestas están codificadas por una escala verde-roja en el mapa de la prueba según el % correcto abajo.
 
Estadísticas de respuestas
Respuesta % Correcto
Patraix
74%
Campanar
72%
Benicalap
70%
Benimaclet
70%
Ciutat Vella
67%
Poblats Marítims
67%
Eixample
60%
Poblats del Sud
58%
Quatre Carreres
56%
Extramurs
53%
Jesús
53%
Algirós
51%
Poblats del Nord
51%
Camins al Grau
49%
Poblats de l'Oest
42%
La Saïdia
40%
Rascanya
40%
L'Olivereta
37%
El Pla del Real
30%
No se encontraron pruebas coincidentes
Distribución de puntuación
Porcentaje de gente con cada puntuación
Porcentaje por número respondido
Historial de tus puntuaciones
No has intentado esta prueba.